[Event "Stay Safe Play From Home 267"]
[Site "Emanuel Lasker Arena"]
[Date "2020.06.30"]
[Round "3"]
[White "Physikus"]
[Black "Johni"]
[Result "1/2-1/2"]
[WhiteElo "1933"]
[BlackElo "1829"]
[Annotator "TA"]
[PlyCount "115"]
[EventDate "2020.06.30"]
[EventType "swiss (blitz)"]

{[%evp 9,115,0,24,23,29,24,43,35,30,0,41,6,45,24,61,-11,-13,-16,18,0,10,23,15,-6,14,20,30,30,31,36,115,123,125,131,135,144,120,64,68,0,74,65,63,66,81,72,102,117,96,0,194,193,219,187,183,177,177,113,95,96,166,162,208,208,329,197,189,188,21,13,178,170,164,68,41,0,60,0,110,0,0,0,101,98,93,91,177,75,78,74,83,96,93,0,0,0,3,0,0,0,0,0,0,0,0,0,0,0]} 1. e4 c6 2. Nf3 d5 3. exd5 cxd5 4. Ne5 Nc6 5. d4 Nxe5 (5... e6 {feels hotter.} 6. Bb5 Qc7 7. Bf4 Bd6 8. Qg4 Kf8) 6. dxe5 {And now Bb5+ would win. B10: Caro-Kann: 2 d3 and 2 c4.} e6 7. Bd3 Bd7 8. O-O {White is slightly better.} Ne7 9. f4 g6 10. Nd2 Bg7 11. Nf3 {[#]} O-O $146 ({Predecessor:} 11... Qb6+ 12. Kh1 Bb5 13. Be3 Qa6 14. Bxb5+ Qxb5 15. Nd4 Qa5 16. b4 Qa4 17. Qd3 O-O {½-½ (61) Zadruzny,N (2283)-Eriksson,A (2230) Sweden 2019}) 12. g4 (12. Be3 $14) 12... Qb6+ 13. Kg2 Bb5 14. a4 Bxd3 15. Qxd3 Rac8 16. a5 Qc6 (16... Qa6 {with more complications.} 17. Be3 f6 18. Qxa6 bxa6 19. c3 fxe5 20. Nxe5 Bxe5 21. fxe5 Nc6) 17. c3 Rfd8 18. Be3 a6 19. Bb6 $36 {[%mdl 2048] White has the initiative.} Rd7 (19... Re8 $14) 20. Nd4 $16 Qc4 21. Qe3 Re8 22. Rae1 Qc8 23. Qf3 (23. h4 $16) 23... Nc6 $14 24. Nb3 (24. h4 $14) 24... Rf8 (24... f6 $1 $11) 25. h4 f6 26. exf6 Rxf6 27. g5 Rf5 28. Rxe6 {Threatens to win with Rfe1.} Rdf7 29. Qe3 ({White should try} 29. Rfe1 $1 $16 {Re8+ is the strong threat.} Rf8 30. Bc5 Rxf4 31. Qxd5) 29... Rf8 $2 (29... Be5 $1 $11 {and Black stays safe.} 30. Nc5 Rxf4 31. Rxf4 Rxf4) 30. Nd4 $1 $18 {[%cal Rd4f5]} Nxd4 31. Bxd4 Bxd4 32. cxd4 Qc2+ 33. Rf2 (33. Kg3 $1 $18 {aiming for Rc1.} R5f7 34. Re8) 33... Qd1 $16 34. Rf3 R5f7 (34... Qc2+ $16 35. Kg3 Qb1) 35. Re8 $18 Rxe8 36. Qxe8+ {[%mdl 4096] Endgame KQR-KQR} Kg7 {[#]} (36... Rf8 $142 37. Qe6+ {[%mdl 64] Double Attack} Rf7) 37. Qe5+ (37. h5 $142 $1 {[%csl Gg5][%cal Rh5h6][%mdl 512]} Qc2+ (37... gxh5 38. f5) 38. Rf2 (38. Kg3 gxh5 39. Qe5+ Kg8 $16) 38... Qe4+ 39. Qxe4 dxe4 40. h6+ Kf8 41. Kg3) 37... Kg8 38. Qxd5 Qe2+ 39. Kg3 {Black must now prevent f5.} Qe1+ $2 (39... Qd1 $1 $11) 40. Rf2 $1 Qg1+ 41. Rg2 ({Better is} 41. Qg2 $1 $18 {[%cal Rg2g1]} Qe1 42. Qf3) 41... Qe1+ $1 $14 42. Kh3 Qh1+ (42... Qe3+ $11 43. Rg3 Qxf4) 43. Kg3 Qe1+ 44. Kf3 (44. Kg4 $1 $16) 44... Qf1+ $11 45. Kg4 Qd1+ {[#]} (45... Qxf4+ $11 46. Kh3 Qe3+ 47. Rg3 Qe2) 46. Qf3 $1 $16 {[%cal Rf3d1]} Qxd4 47. Re2 Kg7 {[#]} (47... h5+ $16 {keeps fighting.} 48. gxh6 Qg1+ 49. Qg2 Qd1) 48. Qe4 (48. Qe3 $1 $18 {[%cal Re3d4] and White stays clearly on top.} Qd7+ 49. Kg3) 48... Qg1+ 49. Kh3 Qf1+ 50. Kg3 {White threatens Qd4+ and mate.} Qg1+ 51. Kh3 (51. Rg2 $16 Qc5 52. b4 Qc3+ 53. Kh2) 51... Qf1+ $11 {The position is equal.} 52. Kh2 {Intending Qd4+ and mate.} ({Don't take} 52. Kg3 Qg1+ 53. Rg2 Qc5 $16) 52... Rxf4 53. Qe7+ Rf7 54. Qe5+ Kg8 55. Qe8+ Kg7 56. Qe5+ Kg8 57. Qb8+ Kg7 58. Qe5+ {White really could win this. Accuracy: White = 66%, Black = 57%.} 1/2-1/2

[Event "Stay Safe Play From Home 267"]
[Site "Emanuel Lasker Arena"]
[Date "2020.06.30"]
[Round "3"]
[White "Ironmike"]
[Black "Haxhi Baha"]
[Result "0-1"]
[WhiteElo "1846"]
[BlackElo "2028"]
[Annotator "TA"]
[PlyCount "38"]
[EventDate "2020.06.30"]
[EventType "swiss (blitz)"]
[WhiteTeam "SV Horst-Emscher I"]

{[%evp 12,38,-4,-3,0,-13,-17,-18,-10,-22,10,-111,-114,-124,-115,-122,-113,-117,-127,-142,-131,-215,-285,-262,-257,-29986,-29985,-29985,-735]} 1. e4 e6 2. d4 d5 3. exd5 exd5 4. Nf3 Nf6 5. Bg5 Bd6 6. Be2 O-O 7. O-O c6 {C01: French: Exchange Variation.} 8. h3 {[#]} Bf5 $146 ({Predecessor:} 8... Be6 9. Bd3 Qd7 10. Bxf6 gxf6 11. Nh2 Bxh3 12. Qh5 Bxh2+ 13. Kxh2 f5 14. Qxh3 Qd6+ 15. g3 h6 16. Qxf5 Kg7 17. Qh7+ Kf6 18. Re1 {1-0 (18) Leite,C (1904)-Mendonca,E (1819) Campo Grande 2015}) 9. Bd3 Bg6 {The position is equal.} 10. Ne5 Nbd7 11. f4 {[#]} (11. Nxg6 $11 hxg6 12. c3) 11... Qb6 $1 $17 {[%cal Rb6d4]} 12. Bxg6 hxg6 13. Nxd7 Nxd7 14. b3 Rfe8 15. c3 c5 16. dxc5 (16. Kh1 $17 {keeps fighting.}) 16... Nxc5 $19 ({Don't take} 16... Qxc5+ 17. Kh1 $17) 17. Kh1 Ne4 18. Qxd5 $2 {[#]} (18. Qf3 $19) 18... Ng3+ {[%mdl 64] Double Attack} 19. Kh2 Nxf1+ {White did not feel at home in the position after the opening. Accuracy: White = 43%, Black = 91%.} 0-1

[Event "Stay Safe Play From Home 267"]
[Site "Emanuel Lasker Arena"]
[Date "2020.06.30"]
[Round "3"]
[White "Klasman"]
[Black "Matanant"]
[Result "0-1"]
[WhiteElo "1759"]
[BlackElo "1666"]
[Annotator "NA RC"]
[PlyCount "52"]
[EventDate "2020.06.30"]
[EventType "swiss (blitz)"]

1. f4 {[%emt 0:00:02]} d5 {[%emt 0:00:01]} 2. e3 {[%emt 0:00:02]} Nc6 {[%emt 0:00:02]} 3. Nf3 {[%emt 0:00:01]} f6 {[%emt 0:00:01]} 4. c4 {[%emt 0:00:01]} d4 {[%emt 0:00:03]} 5. d3 {[%emt 0:00:02]} Bg4 {[%emt 0:00:07]} 6. Be2 {[%emt 0:00:05]} e5 {[%emt 0:00:06]} 7. Qb3 {[%emt 0:00:10]} Rb8 {[%emt 0:00:05]} 8. O-O {[%emt 0:00:06]} Bc5 {[%emt 0:00:04]} 9. e4 {[%emt 0:00:05]} Nge7 {[%emt 0:00:03]} 10. h3 {[%emt 0:00:11]} Bh5 {[%emt 0:00:03]} 11. g4 {[%emt 0:00:02]} Bf7 {[%emt 0:00:02]} 12. Qd1 {[%emt 0:00:09]} O-O {[%emt 0:00:01]} 13. f5 {[%emt 0:00:03]} a6 {[%emt 0:00:08]} 14. Rf2 {[%emt 0:00:11]} b5 {[%emt 0:00:02]} 15. cxb5 {[%emt 0:00:05]} axb5 {[%emt 0:00:02]} 16. b3 {[%emt 0:00:06]} Bb6 {[%emt 0:00:15]} 17. Rg2 {[%emt 0:00:06]} Nb4 {[%emt 0:00:08]} 18. Qe1 {[%emt 0:00:08]} c5 {[%emt 0:00:02]} 19. Qh4 {[%emt 0:00:07]} Nc2 {[%emt 0:00:04]} 20. g5 {[%emt 0:00:03]} Nc6 {[%emt 0:00:24]} 21. gxf6 {[%emt 0:00:03]} Bg6 {[%emt 0:00:43]} 22. fxg6 {[%emt 0:00:25]} h6 {[%emt 0:00:28]} 23. f7+ {[%emt 0:00:24]} Kh8 {[%emt 0:00:04]} 24. Qh5 {[%emt 0:00:32]} Ne3 {[%emt 0:00:02]} 25. Bxe3 {[%emt 0:00:05]} dxe3 {[%emt 0:00:01]} 26. Nh4 {[%emt 0:00:25]} Nd4 {[%emt 0:00:06] Time (Lag: Av=0.72s, max=1.0s)} 0-1

[Event "Stay Safe Play From Home 267"]
[Site "Emanuel Lasker Arena"]
[Date "2020.06.30"]
[Round "3"]
[White "Bruce09"]
[Black "Weltszmerc"]
[Result "0-1"]
[WhiteElo "1741"]
[BlackElo "2158"]
[Annotator "NA"]
[PlyCount "113"]
[EventDate "2020.06.30"]
[EventType "swiss (blitz)"]

1. d4 {[%emt 0:00:04]} Nf6 {[%emt 0:00:00]} 2. Nf3 {[%emt 0:00:02]} b6 {[%emt 0:00:07]} 3. g3 {[%emt 0:00:03]} Bb7 {[%emt 0:00:00]} 4. Bg2 {[%emt 0:00:01]} e6 {[%emt 0:00:00]} 5. O-O {[%emt 0:00:02]} Be7 {[%emt 0:00:00]} 6. Re1 {[%emt 0:00:11]} O-O {[%emt 0:00:13]} 7. Nbd2 {[%emt 0:00:07]} Ne4 {[%emt 0:00:03]} 8. c3 {[%emt 0:00:06]} f5 {[%emt 0:00:04]} 9. Nf1 {[%emt 0:00:12]} Bf6 {[%emt 0:00:04]} 10. N3d2 {[%emt 0:00:05]} d5 {[%emt 0:00:02]} 11. f3 {[%emt 0:00:05]} Nxd2 {[%emt 0:00:04]} 12. Nxd2 {[%emt 0:00:09]} c5 {[%emt 0:00:04]} 13. Nb3 {[%emt 0:00:10]} Nd7 {[%emt 0:00:13]} 14. Be3 {[%emt 0:00:10]} Rc8 {[%emt 0:00:07]} 15. a4 {[%emt 0:00:11]} a5 {[%emt 0:00:14]} 16. dxc5 {[%emt 0:00:08]} bxc5 {[%emt 0:00:05]} 17. Qd2 {[%emt 0:00:07]} Qb6 {[%emt 0:00:06]} 18. Qc2 {[%emt 0:00:14]} Ba6 {[%emt 0:00:08]} 19. Nd2 {[%emt 0:00:17]} d4 {[%emt 0:00:13]} 20. Bf2 {[%emt 0:00:01]} g6 {[%emt 0:00:07]} 21. Rab1 {[%emt 0:00:05]} e5 {[%emt 0:00:06]} 22. g4 {[%emt 0:00:13]} Bg5 {[%emt 0:00:25]} 23. h4 {[%emt 0:00:23]} Be3 {[%emt 0:00:03]} 24. Bxe3 {[%emt 0:00:02]} dxe3 {[%emt 0:00:00]} 25. Nf1 {[%emt 0:00:07]} f4 {[%emt 0:00:01]} 26. g5 {[%emt 0:00:05]} Rcd8 {[%emt 0:00:04]} 27. Nh2 {[%emt 0:00:04]} c4 {[%emt 0:00:29]} 28. Red1 {[%emt 0:00:03]} Nc5 {[%emt 0:00:07]} 29. Ng4 {[%emt 0:00:02]} Qc7 {[%emt 0:00:19]} 30. Nf6+ {[%emt 0:00:03]} Kg7 {[%emt 0:00:02]} 31. Ne4 {[%emt 0:00:01]} Bb7 {[%emt 0:00:13]} 32. Nf6 {[%emt 0:00:01]} Rxd1+ {[%emt 0:00:12]} 33. Rxd1 {[%emt 0:00:02]} Rd8 {[%emt 0:00:00]} 34. Rxd8 {[%emt 0:00:02]} Qxd8 {[%emt 0:00:00]} 35. h5 {[%emt 0:00:00]} h6 {[%emt 0:00:02]} 36. Qxg6+ {[%emt 0:00:04]} Kf8 {[%emt 0:00:01]} 37. gxh6 {[%emt 0:00:05]} Ke7 {[%emt 0:00:03]} 38. Ne4 {[%emt 0:00:03]} Nxe4 {[%emt 0:00:02]} 39. fxe4 {[%emt 0:00:02]} Qh8 {[%emt 0:00:10]} 40. Qg7+ {[%emt 0:00:02]} Qxg7 {[%emt 0:00:02]} 41. hxg7 {[%emt 0:00:00]} Kf7 {[%emt 0:00:00]} 42. h6 {[%emt 0:00:01]} Bc8 {[%emt 0:00:02]} 43. Kh2 {[%emt 0:00:02]} Kg8 {[%emt 0:00:02]} 44. Bh3 {[%emt 0:00:01]} Bxh3 {[%emt 0:00:01]} 45. Kxh3 {[%emt 0:00:01]} Kh7 {[%emt 0:00:00]} 46. Kg4 {[%emt 0:00:01]} Kg8 {[%emt 0:00:00]} 47. Kh3 {[%emt 0:00:01]} Kh7 {[%emt 0:00:00]} 48. Kg2 {[%emt 0:00:01]} Kg8 {[%emt 0:00:01]} 49. Kf1 {[%emt 0:00:00]} Kh7 {[%emt 0:00:00]} 50. Ke1 {[%emt 0:00:01]} Kg8 {[%emt 0:00:00]} 51. Kd1 {[%emt 0:00:01]} Kh7 {[%emt 0:00:00]} 52. Kc2 {[%emt 0:00:01]} Kg8 {[%emt 0:00:00]} 53. b3 {[%emt 0:00:01]} cxb3+ {[%emt 0:00:00]} 54. Kxb3 {[%emt 0:00:02]} f3 {[%emt 0:00:00]} 55. exf3 {[%emt 0:00:02]} e2 {[%emt 0:00:01]} 56. Kc2 {[%emt 0:00:00]} e1=Q {[%emt 0:00:00]} 57. Kd3 {[%emt 0:00:00] Bruce09 gibt auf (Lag: Av=0.85s, max=1.6s)} 0-1

[Event "Stay Safe Play From Home 267"]
[Site "Emanuel Lasker Arena"]
[Date "2020.06.30"]
[Round "3"]
[White "Justwatch"]
[Black "Haris kollari 13"]
[Result "0-1"]
[WhiteElo "1304"]
[BlackElo "1938"]
[Annotator "NA"]
[PlyCount "46"]
[EventDate "2020.06.30"]
[EventType "swiss (blitz)"]

1. e4 {[%emt 0:00:02]} e6 {[%emt 0:00:01]} 2. f4 {[%emt 0:00:02]} d5 {[%emt 0:00:01]} 3. e5 {[%emt 0:00:01]} c5 {[%emt 0:00:01]} 4. d4 {[%emt 0:00:01]} Nc6 {[%emt 0:00:01]} 5. Bb5 {[%emt 0:00:02]} Bd7 {[%emt 0:00:01]} 6. Bxc6 {[%emt 0:00:00]} bxc6 {[%emt 0:00:01]} 7. Nf3 {[%emt 0:00:00]} cxd4 {[%emt 0:00:02]} 8. Nxd4 {[%emt 0:00:00]} c5 {[%emt 0:00:01]} 9. Nf3 {[%emt 0:00:02]} Qb6 {[%emt 0:00:02]} 10. O-O {[%emt 0:00:01]} Ne7 {[%emt 0:00:04]} 11. Kh1 {[%emt 0:00:01]} Nf5 {[%emt 0:00:03]} 12. Nc3 {[%emt 0:00:04]} a5 {[%emt 0:00:03]} 13. Nxd5 {[%emt 0:00:03]} exd5 {[%emt 0:00:04]} 14. Qxd5 {[%emt 0:00:00]} Bc6 {[%emt 0:00:02]} 15. Qd3 {[%emt 0:00:04]} g6 {[%emt 0:00:07]} 16. Ng5 {[%emt 0:00:04]} Be7 {[%emt 0:00:05]} 17. Ne4 {[%emt 0:00:07]} Bxe4 {[%emt 0:00:06]} 18. Qxe4 {[%emt 0:00:01]} O-O {[%emt 0:00:01]} 19. b3 {[%emt 0:00:02]} Rfd8 {[%emt 0:00:02]} 20. Bb2 {[%emt 0:00:01]} Rac8 {[%emt 0:00:06]} 21. e6 {[%emt 0:00:01]} Qxe6 {[%emt 0:00:07]} 22. Qc4 {[%emt 0:00:02]} Qxc4 {[%emt 0:00:01]} 23. bxc4 {[%emt 0:00:00]} Rd2 {[%emt 0:00:02] Justwatch terk eder (Lag: Av=0.55s, max=3.8s)} 0-1

[Event "Stay Safe Play From Home 267"]
[Site "Emanuel Lasker Arena"]
[Date "2020.06.30"]
[Round "4"]
[White "Lazieri3"]
[Black "Physikus"]
[Result "1-0"]
[WhiteElo "2141"]
[BlackElo "1928"]
[Annotator "TA"]
[PlyCount "109"]
[EventDate "2020.06.30"]
[EventType "swiss (blitz)"]

{[%evp 16,109,0,-22,0,-27,-22,-23,-22,-33,-15,-23,-14,-25,-33,-49,-37,-137,6,2,3,6,648,-11,-8,-12,-3,-25,8,-23,-26,-41,-34,-34,-43,-39,-29,-28,-13,-112,-20,-22,-8,-34,-21,-79,-90,-182,-173,-182,-171,-173,-154,-148,-56,-59,-57,-56,-19,-20,-8,-66,-14,-8,-8,-8,-8,-8,0,0,0,0,0,0,0,0,0,0,0,0,270,218,1947,1404,1592,1699,2376,1162,29988,29989,29989,29990,29991,29992,29992,29993]} 1. e4 e5 2. Nf3 Nc6 3. Bc4 Nf6 4. d3 Bc5 5. h3 O-O 6. Nc3 h6 7. Be3 Bxe3 8. fxe3 d6 9. O-O Ne7 {C50: Hungarian Defence and Giuoco Pianissimo.} 10. Nd5 Nfxd5 {[#]} 11. Bxd5 $146 ({Predecessor:} 11. exd5 Ng6 12. Bb3 b5 13. d4 a5 14. c3 a4 15. Bc2 Re8 16. dxe5 Nxe5 17. Nxe5 Rxe5 {0-1 (35) Weidema,I (280)-Lemkes,R (698) Borne 2013}) 11... Nxd5 {Black has an edge.} 12. exd5 f5 13. Qe1 c6 14. dxc6 bxc6 15. Qh4 Qb6 16. d4 (16. Rae1 $15) 16... Qxb2 (16... Ba6 $17 17. Rfb1 e4) 17. dxe5 $1 $11 dxe5 {White must now prevent ...e4.} 18. Qc4+ Kh8 $2 {[%mdl 8192]} (18... Rf7 $11) 19. Rab1 $2 (19. Qc5 $1 $18) 19... Qa3 20. Rb3 Qd6 21. Rd3 Qf6 {aiming for ...e4.} 22. Rfd1 {Black should prevent Rd6.} Be6 23. Qc3 $1 e4 24. Qxf6 Rxf6 25. Rd8+ Rxd8 26. Rxd8+ $15 {[%mdl 4096] Endgame KRB-KRN} Kh7 27. Nd4 (27. Ne5 $11) 27... Bd5 (27... Bxa2 $17 {...c5 is the strong threat.} 28. Rc8 Bd5) 28. Rd7 a6 29. a3 f4 30. exf4 (30. Kf2 $1 $11 {keeps the balance.}) 30... Rxf4 $17 {And now ...e3 would win.} 31. Re7 {[#]} (31. Ne2 $17 {was called for.} Rf5 32. Nc3) 31... e3 $1 $19 {[%mdl 512]} 32. c3 (32. Rxe3 Rxd4) 32... Rf2 33. g4 Rg2+ 34. Kf1 Rh2 (34... Rg3 $1 $17 {Threatens to win with ...Bc4+.} 35. Rxg7+ Kh8) 35. Rxe3 $15 Ra2 36. Nf5 Rxa3 37. Re7 Kg6 38. Rxg7+ Kf6 39. Rh7 Rxc3 40. Rxh6+ Ke5 41. Ne7 a5 {[%cal Ba6a5,Ba5a4,Ba4a3][%mdl 32]} 42. Nxd5 Kxd5 $11 {KR-KR} 43. g5 Rg3 44. h4 a4 45. Rh8 a3 46. Ra8 Rh3 47. Ra4 {[#]} c5 $2 {[%mdl 8192] [#]} (47... a2 $1 $11 {[%mdl 512]} 48. Rxa2 Rxh4) 48. Kg2 $1 $18 {[%cal Rg2h3]} Re3 $2 (48... Rb3 49. g6 Ke6) 49. g6 Re7 50. Rxa3 c4 51. h5 Re5 52. Ra5+ {White mates.} Kd4 53. Rxe5 c3 54. Re7 c2 55. Rc7 {A wild game. Accuracy: White = 71%, Black = 54%.} 1-0

[Event "Stay Safe Play From Home 267"]
[Site "Emanuel Lasker Arena"]
[Date "2020.06.30"]
[Round "4"]
[White "Dukic"]
[Black "Ironmike"]
[Result "1-0"]
[WhiteElo "1951"]
[BlackElo "1837"]
[Annotator "TA"]
[PlyCount "71"]
[EventDate "2020.06.30"]
[EventType "swiss (blitz)"]
[BlackTeam "SV Horst-Emscher I"]

{[%evp 9,70,-12,17,7,357,2,23,12,37,32,37,25,284,287,283,287,279,254,379,375,380,396,508,404,595,511,501,486,629,602,855,848,1066,1067,1056,1057,955,602,566,454,940,800,942,765,1427,1185,1233,808,1159,1090,2215,2006,29991,1881,29978,29979,29979,29980,29998,29999,29999,29999,29999]} 1. c4 Nf6 2. Nc3 b6 3. d4 Bb7 4. d5 e6 5. e4 exd5 6. exd5 {A50: Queen's Fianchetto Defence (1 d4 Nf6 2 c4 b6).} c6 $2 {[%mdl 8192]} (6... Bb4 $11) 7. a3 $2 ({Only move:} 7. d6 $18) 7... cxd5 8. cxd5 {[#] Black must now prevent d6.White has an edge.} Bc5 $146 ({Predecessor:} 8... Qe7+ 9. Be3 g6 10. Be2 Bg7 11. Bf3 d6 12. Nge2 Nbd7 13. g3 O-O 14. O-O Ne5 {1-0 (32) Biliskov,V (2325)-Zaja,I (2459) Omis 2004}) 9. Be2 O-O 10. Nf3 d6 $2 {[%mdl 8192] Black is on the road to losing.} (10... Na6 $11) 11. b4 $18 Bxf2+ 12. Kxf2 Ng4+ 13. Kg3 h5 (13... Ne5 $142 14. Bg5 f6) 14. h3 Ne5 15. Nd4 Qf6 16. Bxh5 Nbd7 (16... Ng6 {was worth a try.} 17. Kh2 Rc8) 17. Rf1 Qd8 18. Kh2 Rc8 19. Ncb5 a6 20. Nxd6 {[%mdl 64] Double Attack} Qc7 21. N4f5 {Strongly threatening Ne7+.} g6 22. Ne7+ Kg7 23. Nexc8 Rxc8 24. Nf5+ Kh7 (24... gxf5 $142 25. Bf4 Qd6) 25. d6 Qc6 26. Qd2 {White wants to mate with Qh6+.} gxf5 27. Qh6+ Kg8 28. Qg5+ Kf8 29. Rxf5 {Qh6+ would kill now.} Qxd6 {[#]} 30. Bf4 $1 {Intending Rxf7+! and mate.} Rc2 {[#]} 31. Rg1 (31. Rxf7+ $142 $1 {[%mdl 512]} Nxf7 32. Bxd6+ Nxd6 33. Rf1+ Rf2 34. Rxf2+ Bf3 35. Rxf3+ Nf5 36. Rxf5+ Nf6 37. Rxf6+ {[%mdl 64] Double Attack} Ke7 38. Qg7+ Kd8 39. Rf8#) 31... Qd4 32. Bxe5 {White mates.} Nxe5 33. Rxe5 a5 34. Qh6+ Kg8 35. Rg5+ Qg7 36. Qxg7# {Accuracy: White = 63%, Black = 21%.} 1-0

[Event "Stay Safe Play From Home 267"]
[Site "Emanuel Lasker Arena"]
[Date "2020.06.30"]
[Round "4"]
[White "Redrooster"]
[Black "Haxhi Baha"]
[Result "0-1"]
[WhiteElo "1886"]
[BlackElo "2037"]
[Annotator "TA"]
[PlyCount "66"]
[EventDate "2020.06.30"]
[EventType "swiss (blitz)"]

{[%evp 12,66,33,29,110,65,48,26,43,0,96,23,87,86,125,52,98,107,172,165,169,108,187,150,268,262,277,69,37,-628,-637,-637,-624,-839,-680,-1230,-707,-1408,-449,-708,-756,-715,-706,-656,-521,-590,-529,-739,-738,-643,-505,-733,-756,-979,-1023,-1361,-1086]} 1. d4 d5 2. c4 e5 3. dxe5 d4 4. Nf3 Nc6 5. g3 Nge7 6. Bg2 Ng6 7. O-O Bg4 {D09: Albin Counter Gambit: Main line with 5 g3.} (7... Ngxe5 $11 8. Nxe5 Nxe5) 8. Nbd2 Qd7 9. Re1 O-O-O {[#] White has an edge.} 10. a3 $146 ({Predecessor:} 10. Qb3 Bh3 11. Bh1 Be7 12. a3 h5 13. Ne4 h4 14. Bg5 hxg3 15. fxg3 Na5 16. Qb5 Qxb5 17. cxb5 {0-1 (48) Soebbing,U (1581)-Mast,H (1664) Germany 2013}) 10... Bh3 (10... Ncxe5 $11 11. Nxe5 Nxe5) 11. Bh1 (11. e6 $1 $16 {[%cal Re6d7]} Bxe6 12. b4) 11... Be7 (11... Ncxe5 $11 {remains equal.} 12. b4 (12. Nxe5 Nxe5 13. Qb3 c6 $11) 12... d3) 12. b4 $1 $16 Ncxe5 13. Qb3 ({White should play} 13. Nb3 $1 $16) 13... Bf6 14. Bb2 Ng4 (14... d3 $16 {was worth a try.}) 15. Ne4 $18 Qf5 16. Qd3 (16. Nxf6 $18 Qxf6 17. e3) 16... Kb8 (16... N4e5 $16 17. Nxe5 Nxe5) 17. Nc5 ({Not} 17. Bxd4 N4e5 $17) (17. Nxd4 Nxf2 18. Nxf2 (18. Nxf5 Nxd3 19. Bxf6 Nxe1 $14) 18... Rxd4 $16) 17... Qh5 {[#]} (17... Qxd3 $16 18. exd3 h5) 18. Nxb7 $1 {[%mdl 512]} Kxb7 19. Ne5+ $2 (19. Qe4+ $18 Kc8 20. Nxd4 Nxf2 21. Kxf2 Bxd4+ 22. Bxd4 Qf5+ 23. Qxf5+ Bxf5 24. Bxg7) 19... Kc8 $14 20. c5 $2 {[%mdl 8192]} (20. Nc6 $14) 20... N6xe5 $19 {Black is clearly winning.} 21. Qb5 {White threatens Bb7+ and mate.} Rd7 22. Qa6+ Kd8 {aiming for ...Nxf2!} 23. Qxa7 {[#]} Bf1 $1 24. h4 {[#]} (24. Rxf1 Qxh2#) 24... Nxf2 (24... Bxh4 $142 $1 25. gxh4 Qxh4 26. Qa8+ {[#]} Ke7 $1 {[%mdl 512]}) 25. Kxf1 (25. Kxf2 $142 Bh3 26. Qa8+ Ke7 27. Bf3 (27. Qxh8 {gets mated.} Ng4+ 28. Kg1 Qe5 29. Qe8+ Kxe8 30. Bg2 Qxg3 {[%mdl 64] Double Attack} 31. h5 Qxg2#)) 25... Nxh1 26. Qa8+ Ke7 27. Qxh1 Ng4 28. Qe4+ Be5 {Hoping for ...f5.} 29. Kg2 Ne3+ 30. Kh3 Re8 31. Qf3 Qg6 32. Rac1 Kf8 33. g4 Qe6 {Black used his chance. Accuracy: White = 32%, Black = 48%.} 0-1

[Event "Stay Safe Play From Home 267"]
[Site "Emanuel Lasker Arena"]
[Date "2020.06.30"]
[Round "4"]
[White "Johni"]
[Black "Haris kollari 13"]
[Result "0-1"]
[WhiteElo "1834"]
[BlackElo "1939"]
[Annotator "NA"]
[PlyCount "54"]
[EventDate "2020.06.30"]
[EventType "swiss (blitz)"]

1. e4 {[%emt 0:00:02]} e6 {[%emt 0:00:01]} 2. d4 {[%emt 0:00:01]} d5 {[%emt 0:00:01]} 3. e5 {[%emt 0:00:02]} c5 {[%emt 0:00:01]} 4. c3 {[%emt 0:00:01]} Nc6 {[%emt 0:00:01]} 5. Nf3 {[%emt 0:00:01]} Bd7 {[%emt 0:00:01]} 6. a3 {[%emt 0:00:02]} a6 {[%emt 0:00:01]} 7. b4 {[%emt 0:00:01]} c4 {[%emt 0:00:01]} 8. g3 {[%emt 0:00:05]} b5 {[%emt 0:00:01]} 9. Bg2 {[%emt 0:00:01]} a5 {[%emt 0:00:01]} 10. Bb2 {[%emt 0:00:04]} axb4 {[%emt 0:00:01]} 11. axb4 {[%emt 0:00:01]} Rxa1 {[%emt 0:00:01]} 12. Bxa1 {[%emt 0:00:00]} Qa8 {[%emt 0:00:01]} 13. Nbd2 {[%emt 0:00:03]} Nge7 {[%emt 0:00:02]} 14. O-O {[%emt 0:00:01]} Ng6 {[%emt 0:00:01]} 15. Ng5 {[%emt 0:00:03]} Be7 {[%emt 0:00:02]} 16. Qh5 {[%emt 0:00:02]} h6 {[%emt 0:00:17]} 17. Nxf7 {[%emt 0:00:09]} Kxf7 {[%emt 0:00:01]} 18. f4 {[%emt 0:00:33]} Be8 {[%emt 0:00:01]} 19. f5 {[%emt 0:00:04]} exf5 {[%emt 0:00:01]} 20. Bxd5+ {[%emt 0:00:10]} Kf8 {[%emt 0:00:06]} 21. Rxf5+ {[%emt 0:00:02]} Bf6 {[%emt 0:00:07]} 22. exf6 {[%emt 0:00:09]} Qxa1+ {[%emt 0:00:02]} 23. Rf1 {[%emt 0:00:02]} Qxc3 {[%emt 0:00:06]} 24. fxg7+ {[%emt 0:00:08]} Kxg7 {[%emt 0:00:02]} 25. Bxc6 {[%emt 0:00:15]} Qxd4+ {[%emt 0:00:10]} 26. Rf2 {[%emt 0:00:08]} Bxc6 {[%emt 0:00:01]} 27. Qf5 {[%emt 0:00:12]} Rf8 {[%emt 0:00:04] Johni Ñäàåòñÿ (Lag: Av=0.36s, max=0.5s)} 0-1

[Event "Stay Safe Play From Home 267"]
[Site "Emanuel Lasker Arena"]
[Date "2020.06.30"]
[Round "4"]
[White "Matanant"]
[Black "Weltszmerc"]
[Result "0-1"]
[WhiteElo "1687"]
[BlackElo "2161"]
[Annotator "TA"]
[PlyCount "74"]
[EventDate "2020.06.30"]
[EventType "swiss (blitz)"]

{[%evp 14,74,-11,-38,-34,-35,-30,-43,-40,-97,-68,-116,-75,-81,47,-13,-14,-11,-9,-26,-16,-88,-54,-53,-62,-97,-88,-241,-172,-318,-318,-312,-301,-493,-532,-533,-545,-546,-539,-530,-525,-509,-464,-560,-553,-675,-665,-667,-662,-629,-630,-624,-575,-714,-707,-818,-812,-736,-725,-1220,-1066,-896,-844]} 1. b3 d5 2. Bb2 c6 3. e3 Nf6 4. f4 Bg4 5. Nf3 Nbd7 6. Be2 Qc7 7. O-O Bxf3 8. Bxf3 e5 {A03: Bird's Opening with 1...d5.} 9. fxe5 Nxe5 10. Be2 Bd6 {Black is slightly better.} 11. h3 (11. c4 $1 $15) 11... O-O-O 12. d3 {[#]} Rde8 $146 ({Predecessor:} 12... Rhf8 13. Qd2 Kb8 14. a4 Qe7 15. Bf3 g5 16. g4 h5 17. Qe2 hxg4 18. hxg4 Rh8 {½-½ (37) Novy,L (1695)-Brhlik,A (1830) Klatovy 1997}) 13. Nd2 Ng8 ({Black should try} 13... Ng6 $17 14. Bd4 Kb8) 14. Nf3 (14. e4 $14) 14... Nxf3+ 15. Rxf3 ({But not} 15. gxf3 $2 Nf6 $19) 15... f6 16. Qd2 Ne7 17. e4 (17. d4 $11 {remains equal.}) 17... dxe4 18. dxe4 Ng6 19. Bd3 Be5 20. c3 $2 {Loses the game.} (20. Bxe5 $17 Nxe5 21. Rff1) 20... Rd8 21. Qc2 (21. Kh1 $142) 21... Bh2+ $19 22. Kh1 {[#]} Ne5 $1 23. Re3 $2 (23. Raf1 {keeps fighting.} Nxf3 24. Rxf3) 23... Bf4 {Black is clearly winning.} ({Less strong is} 23... Nxd3 24. Rxd3 Rxd3 25. Qxd3 $15) 24. Rae1 Bxe3 25. Rxe3 Nxd3 26. Rxd3 Rxd3 27. Qxd3 {[%mdl 4096] Endgame KQR-KQB} Rd8 28. Qe2 Qd6 29. Kg1 Qd1+ 30. Qf1 Qxf1+ 31. Kxf1 {KR-KB} Rd2 32. Ba3 Rxa2 33. Bd6 Kd7 34. e5 fxe5 35. Bxe5 g6 36. b4 Ke6 37. Bd4 Kd5 {Accuracy: White = 27%, Black = 69%.} 0-1